Využitie Intranetu za účelom zefektívnenia komunikácie : Bakalárska práca

Guardado en:
Detalles Bibliográficos
Autor principal: Kyta, Miroslav (Autor)
Otros Autores: Beňo, Pavel, 1977- (xxx)
Formato: Manuscrito Libro
Lenguaje:eslovaco
Publicado: Trnava : STU v Bratislave MtF KAIA, 2003
Materias:
Etiquetas: Agregar Etiqueta
Sin Etiquetas, Sea el primero en etiquetar este registro!

MARC

LEADER 00000ntm a22000003a 4500
001 stu84294
005 20160719154743.9
008 040225s2003----xo------------------slo-d
040 |a STU  |b slo 
041 0 |a slo 
044 |a xo 
100 1 |a Kyta, Miroslav  |4 aut 
245 1 |a Využitie Intranetu za účelom zefektívnenia komunikácie :  |b Bakalárska práca 
260 |a Trnava :  |b STU v Bratislave MtF KAIA,  |c 2003 
300 |a 42 s 
650 7 |a aplikovaná informatika a automatizácia v priemysle  |2 stusub 
700 1 |a Beňo, Pavel,  |d 1977-  |4 xxx  |u M650  |U MTF Materiálovotechnologická fakulta  |T MTF Centrum výpočtovej a informačnej techniky  |X 2800  |U M650  |Y 257  |7 A000002800 
996 |b 284M055095  |c M*BP-495  |l MMSKP  |s P  |a 0  |w stu84294_0001